<?xml version="1.0" encoding="UTF-8"?>
<record
    xmlns:xsi="http://www.w3.org/2001/XMLSchema-instance"
    xsi:schemaLocation="http://www.loc.gov/MARC21/slim http://www.loc.gov/standards/marcxml/schema/MARC21slim.xsd"
    xmlns="http://www.loc.gov/MARC21/slim">

  <leader>01417nam a2200181 a 4500</leader>
  <datafield tag="090" ind1=" " ind2=" ">
    <subfield code="a">IAVH</subfield>
    <subfield code="b">00765 CD-1</subfield>
  </datafield>
  <datafield tag="041" ind1=" " ind2=" ">
    <subfield code="a">spa</subfield>
  </datafield>
  <datafield tag="110" ind1=" " ind2=" ">
    <subfield code="b">Fundaci&#xF3;n Natura</subfield>
    <subfield code="9">2886</subfield>
  </datafield>
  <datafield tag="245" ind1=" " ind2=" ">
    <subfield code="a">Recopilaci&#xF3;n, an&#xE1;lisis y s&#xED;ntesis de la informaci&#xF3;n biof&#xED;sica contenida en proyectos sobre conservaci&#xF3;n realizados en el nororiente colombiano</subfield>
  </datafield>
  <datafield tag="260" ind1=" " ind2=" ">
    <subfield code="a">Bogot&#xE1;</subfield>
    <subfield code="b">Instituto Alexander von Humboldt</subfield>
    <subfield code="c">2004</subfield>
  </datafield>
  <datafield tag="300" ind1=" " ind2=" ">
    <subfield code="a">47 p.</subfield>
  </datafield>
  <datafield tag="520" ind1=" " ind2=" ">
    <subfield code="a">En total se recopilaron y analizaron 66 proyectos de la regi&#xF3;n, sintetizando la informaci&#xF3;n en bases de datos por nodos. Se anexa un listado de los proyectos que incluye adem&#xE1;s el nombre de 177 proyectos que no fueron analizados por no cumplir con los criterios establecidos. Se presenta adem&#xE1;s una s&#xED;ntesis del estado actual de los avances en el establecimiento de &#xE1;reas protegidas y constituci&#xF3;n de sistemas de &#xE1;reas protegidas para la regi&#xF3;n basado en la informaci&#xF3;n recopilada en CARS, Universidad y con otras ONGs. Se presenta una base de datos con informaci&#xF3;n sobre &#xE1;reas protegidas nacionales y regionales, incluyendo categor&#xED;a, nombre y localizaci&#xF3; n (incluyendo Reservas de la Sociedad Civil).</subfield>
  </datafield>
  <datafield tag="650" ind1=" " ind2=" ">
    <subfield code="a">Biodiversidad</subfield>
    <subfield code="9">92204</subfield>
  </datafield>
  <datafield tag="650" ind1=" " ind2=" ">
    <subfield code="a">Conservaci&#xF3;n</subfield>
    <subfield code="9">92401</subfield>
  </datafield>
  <datafield tag="650" ind1=" " ind2=" ">
    <subfield code="a">Areas protegidas</subfield>
    <subfield code="9">78</subfield>
  </datafield>
  <datafield tag="650" ind1=" " ind2=" ">
    <subfield code="a">Sistemas de &#xE1;reas protegidas</subfield>
    <subfield code="9">92402</subfield>
  </datafield>
  <datafield tag="773" ind1="0" ind2=" ">
    <subfield code="0">5986</subfield>
    <subfield code="9">9704</subfield>
    <subfield code="a"></subfield>
    <subfield code="b"></subfield>
    <subfield code="d">Bogot&#xE1; Informatica documental 2007</subfield>
    <subfield code="o">024802</subfield>
    <subfield code="t">Informes de investigaciones IAVH en PDF</subfield>
    <subfield code="w"></subfield>
    <subfield code="x"></subfield>
    <subfield code="z"></subfield>
  </datafield>
  <datafield tag="999" ind1=" " ind2=" ">
    <subfield code="c">6044</subfield>
    <subfield code="d">6044</subfield>
  </datafield>
</record>
